000 00869nam a22002777a 4500
001 BR6006212
003 BR-BrBNA
005 20230928083241.0
007 ta
008 230509b bl.||||| |||| 00| 0 por d
040 _aBR-BrBNA
_bpor
_cBiblioteca Nacional de Agricultura
041 _a(Por)
072 _aE30
090 _ E30 BR6006212
100 1 _aDesai, D.K.
110 1 _aAssociacao Internacional de Economistas Agricolas, Sao Paulo, SP (Brasil)
_9635
111 1 _a15. Congresso Internacional de Economistas Agricolas
_cSao Paulo, SP (Brazil)
_d20 Aug 1973
245 1 _aPlanejamento de uma infraestrutura agricola progressista
260 3 _aSao Paulo, SP (Brasil):
_c1973.
300 _a14 p.
500 _a36 ref.
650 _aPlanejamento agricola
650 _aDesenvolvimento agricola
909 _a202309
_bLucia
_c55
_dLucia Elande
942 _cBK
999 _c12389
_d12389